• 首页
  • 本馆介绍
  • 公告通知
  • 最新文献
  • 馆藏检索
  • 电子资源
  • 读者导购
  • 参考咨询
  • 我的图书馆
  • 登录
  • 详细信息显示
  • 放入我的书架
  • 预约/预借图书
  • 作者相关作品
  • 分类相关作品
  • 丛书相关作品
  • 出版社相关作品

书目信息

  • 表格格式
  • 工作单格式
  • 卡片格式
题名:
中国古地理图集
    
 
作者: ;中国地质科学院地质研究所 , 武汉地质学院 编制
分册:  
出版信息: 北京   地图出版社  1985
页数: 1册
开本: 31cm
丛书名:
单 册:
中图分类: P531-64
科图分类:
主题词: 古地理学--图集
电子资源:
ISBN:
000 00738nam0 2200205 450
001 0553128266
005 20061122110123.85
010    @b精装@dCNY54.00
100    @a20051122d1985 km y0chiy0120 ea
101 0  @achi
102    @aCN@b110000
200 1  @a中国古地理图集@Azhong guo gu di li tu ji@f中国地质科学院地质研究所,武汉地质学院编制@Fzhong guo di zhi ke xue yuan di zhi yan jiu suo,wu han di zhi xue yuan bian zhi
210    @a北京@c地图出版社@d1985
215 1  @a1册@d31cm
606 0  @a古地理学@x图集
690    @aP531-64@v4
712  0 @a中国地质科学院地质研究所@Azhong guo di zhi ke xue yuan di zhi yan jiu suo@4编制
712  0 @a武汉地质学院@Awu han di zhi xue yuan@4编制
801  0 @aCN@bPFT@c20061122
905    @a10447@dP531-64@e36
    
    中国古地理图集/中国地质科学院地质研究所,武汉地质学院编制.-北京:地图出版社,1985
    1册;31cm
    
    
    ISBN (精装):CNY54.00
    
●
相关链接 在E读中查询图书 在五车中查询图书 在当当中查询图书 在豆瓣中查询图书


正题名:中国古地理图集     索取号:P531-64/36         预约/预借

序号 登录号 条形码 馆藏地/架位号 状态 备注
1 0168098   001472034   第二样本阅览室/ [索取号:P531-64/36] 在馆    
唐山师范学院图书馆 欢迎您!
大连网信软件有限公司© 版权所有